000 00323nam a22001457a 4500
008 221014b ||||| |||| 00| 0 eng d
020 _a9780721660547
041 _aeng
080 _a616.8
082 _a616.8
100 _a12
101 _aKAN
245 _aMRI-ARTHROSCOPY CORRELATIVE ATLAS
_cMILLER
942 _2udc
_cBK
999 _c58559
_d58559